Účtovný a daňový režim pohľadávok

Účtovné a daňové súvislosti pohľadávok. Právna úprava vzťahov medzi dlžníkom a veriteľom je zakotvená v tzv. záväzkovom práve Občianskeho zákonníka a Obchodného zákonníka - obchodné záväzkové vzťahy. Pohľadávky z účtovného hľadiska. Odpis pohľadávky. Opravná položka ku konkurzným pohľadávkam. Predaj...

Description complète

Enregistré dans:
Détails bibliographiques
Auteur principal: Pastierik, Vladimír
Format: Chapitre de livre
Langue:slovaque
Sujets:
Tags: Ajouter un tag
Pas de tags, Soyez le premier à ajouter un tag!

MARC

LEADER 00000naa a2200000 4500
001 r040733
005 20230919091619.0
041 0 |a slo 
044 |a SK 
245 1 0 |a Účtovný a daňový režim pohľadávok  |c Vladimír Pastierik 
520 |a Účtovné a daňové súvislosti pohľadávok. Právna úprava vzťahov medzi dlžníkom a veriteľom je zakotvená v tzv. záväzkovom práve Občianskeho zákonníka a Obchodného zákonníka - obchodné záväzkové vzťahy. Pohľadávky z účtovného hľadiska. Odpis pohľadávky. Opravná položka ku konkurzným pohľadávkam. Predaj pohľadávky. 
610 2 0 |a pohľadávky 
610 2 0 |a účtovanie 
610 2 0 |a vzťahy zúčtovacie 
610 2 0 |a náklady daňové 
610 2 0 |a odpisy účtovné 
610 2 0 |a položky opravné 
610 2 0 |a odkúpenie pohľadávok 
100 1 |a Pastierik, Vladimír